00491nam a2200193 a 4500001001300000003000900013005001700022008004100039020001000080082001700090100001800107245002400125260005400149300000800203500003500211505001000246650002300256700001800279nice12345678IN_TiNIC20260116012431.0050524s1940 hyda grp 000 0 urd  ac10000a297.409bRAU aRaunaq, Qadri aRahnuma-I-Rauzateen aHyderabad bMarkazi Anjuman Taleemus Salat c1940 a48p aincludes index and biblioraphy2 aIndex aSufism-Hagiography1 aRaunaq, Qadri